000 00324nam a2200133Ia 4500
005 20260326235453.0
008 260326s9999||||xx |||||||||||||| ||und||
100 _aBlunt, Wilfrid
245 0 _aSplendours of Islam /
_cWilfrid Blunt
260 _bAngus and Robertson
300 _a152 p.
650 _aEDAD MEDIA
942 _cBK
999 _c7837
_d7837